000 00607nas a2200217 4500
001 BR0800725
003 BR-BrBNA
005 20231205111544.0
007 ta
008 230509b bl.|||p| |||| 00| 00por d
040 _aBR-BrBNA
_bpor
_cBiblioteca Nacional de Agricultura
041 _a(Pt)
072 _aL70
100 1 _aCordeiro, A.
245 1 _aControle radiológico no tratamento das fraturas
650 _aRADIOLOGIA
650 _aFRATURA
773 0 _tVeterinária (Brazil)
_x
_g(Jul-Sep 1948), v. 2(3) p. 21-24
_wBR0800725
909 _a202311
_bLúcia
_c55
_dLúcia Elande
942 _2AGRIS
_n0
_cANA
999 _c193297
_d193297